Songs with Love in the Tittle - Statistics

General Stats
  • This quiz has been taken 77 times
  • The average score is 10 of 20
Answer Stats
Song Artist % Correct
I Will Always Love You Whitney Houston
92%
Crazy in Love Beyoncé
73%
Love Yourself Justin Bieber
63%
We Found Love Rihanna
59%
What's Love Got To Do With It Tina Turner
59%
Love the Way You Lie Eminem
58%
Bleeding Love Leona Lewis
58%
I Just Called To Say I Love You Stevie Wonder
55%
Love Story Taylor Swift
55%
I'D Do Anything for Love (But I Won't Do That) Meat Loaf
53%
Love Me Like You Do Ellie Goulding
48%
Love Shack B-52's
47%
Tainted Love Soft Cell
47%
It Must Have Been Love Roxette
39%
The Power Of Love Celine Dion
34%
Love Don't Cost a Thing Jennifer Lopez
30%
You Can't Hurry Love The Supremes
27%
How Deep Is Your Love Calvin Harris
23%
Vision of Love Mariah Carey
22%
Love in This Club Usher
17%
No matching quizzes found
Score Distribution
Percent of People with Each Score
Percentile by Number Answered
Your Score History
You have not taken this quiz